01440 2200601 4500001002100000005001500021035002000036007000300056008004100059020002200100082001400122084002000136100002200156245007400178250001000252300003800262700003000300651004700330264003000377336002100407337001800428338003200446990001200478990001200490990001200502990001200514990001200526990001200538990001200550990001200562990001200574990001200586990001200598990001200610990001200622990001200634990001200646990001200658990001200670990001200682990001200694990001200706990001200718990001200730990001200742990001200754990001200766990001200778990001200790990001200802990001200814990001200826INLIS00000000000066220260107090509 a0010-0126000002ta260107 0 ind  a978-623-01-3973-4 a629.2.076 a629.2.076 FAT p0 aFathunePengarang1 aPengelolaan Bengkel Sepeda Motor :bSMK/MAK Fase F Kelas XI /cFathun acet 1 axiv, 114 halaman :bilus ;c20 cm0 aBrigitta TyasePenyunting 4aTeknik Kendaraan Bermotor dan Sepeda Motor aYogyakarta :bAndi,c2025 2rdacontentateks 2rdamediaaIsi 2rdacarrieratanpa perantara a25.1343 a25.1344 a25.1345 a25.1346 a25.1347 a25.1348 a25.1349 a25.1350 a25.1351 a25.1352 a25.1353 a25.1354 a25.1355 a25.1356 a25.1357 a25.1358 a25.1359 a25.1360 a25.1361 a25.1362 a25.1363 a25.1364 a25.1365 a25.1366 a25.1367 a25.1368 a25.1369 a25.1370 a25.1371 a25.1372